000 00653nam a22002177a 4500
005 20251108174720.0
008 250721s2002 xx 000 0 ara d
082 1 4 _aط/372.21/قنب
100 1 _aقنبر، مصباح عبدالله
_eمؤلف
245 1 0 _aالبداية إلى القراءة و الكتابة /
264 1 _aعمان :
_bالمؤلف،
_c2002.
300 _a60ص.
490 0 _aأبجد هوز
650 1 7 _aالتعلم
650 1 7 _aالاطفال
650 1 7 _aالقرااه
650 1 7 _aالكتابه
653 _aاطفال ما قبل المدرسه (0-5) سنوات
942 _2ddc
_cBK
999 _c116193
_d116193